Conociendo la historia patria (Registro nro. 22580)

Detalles MARC
000 -CABECERA
Longitud fija campo de control 00491cam a2200169u 4500
003 - IDENTIFICADOR DELl NÚMERO DE CONTROL
Identificador del número de control OSt
005 - FECHA Y HORA DE LA ÚLTIMA TRANSACCIÓN
Fecha y hora de la última transacción 20150926102130.0
008 - CÓDIGOS DE INFORMACIÓN DE LONGITUD FIJA
Códigos de información de longitud fija 820218m1942ho ac 000 0 spa
040 ## - FUENTE DE LA CATALOGACIÓN
Centro transcriptor BMC
082 ## - NÚMERO DE LA CLASIFICACIÓN DECIMAL DEWEY
Númeroo de clasificación 972.83
100 1# - PUNTO DE ACCESO PRINCIPAL-NOMBRE DE PERSONA
Nombre de persona Turcios R., Salvador
9 (RLIN) 36391
245 10 - MENCIÓN DE TÍTULO
Título Conociendo la historia patria
Número de parte o sección de la obra Tomo I
Nombre de parte o sección de la obra [crónicas históricas]
Mención de responsabilidad, etc. Salvador Turcios R.
260 ## - PUBLICACIÓN, DISTRIBUCIÓN, ETC. (PIE DE IMPRENTA)
Lugar de publicación, distribución, etc. Tegucigalpa
Nombre del editor, distribuidor, etc. Imprenta Calderón
Fecha de publicación, distribución, etc. 1942
300 ## - DESCRIPCIÓN FÍSICA
Extensión 193 p.
Otras características físicas il.
Dimensiones 23 cm
651 24 - PUNTO DE ACCESO ADICIONAL DE MATERIA - NOMBRE GEOGRÁFICO
Nombre geográfico Honduras
Subdivisión de materia general Historia
9 (RLIN) 9517
942 ## - ENTRADA DE ELEMENTOS AGREGADOS (KOHA)
Fuente de clasificaión o esquema Dewey Decimal Classification
Koha [por defecto] tipo de item 1- Monografias
Existencias
Suprimido Perdido Fuente de clasificación o esquema Estropeado Restricciones de uso No para préstamo Código de colección Localización permanente Localización actual Localización en estanter&íacute;as Fecha adquisición Fuente de adquisición Número de inventario Préstamos totales Signatura completa Código de barras Fecha última consulta Coste, precio reemplazado Fecha del precio de reemplazo Tipo de item de Koha
NULL NULL Dewey Decimal Classification NULL Prestable NULL NULL Biblioteca Miguel de Cervantes - UNICAES Biblioteca Miguel de Cervantes - UNICAES Sala Principal 12/08/2015 Donación - Mons. Tovar Astorga 030285   972.83 TUR con 1033994 25/09/2015 12.00 25/09/2015 1- Monografias